Entry Konu Terimi
001 - KONTROL NUMARASI
- Kontrol alanı: 54991
003 - KONTROL NUMARASI KİMLİĞİ
- Kontrol alanı: TR-BiSEU
005 - SON İŞLEM TARİHİ VE ZAMANI
- Kontrol alanı: 20260207002606.0
008 - SABİT UZUNLUKTAKİ VERİ ÖGELERİ - GENEL BİLGİ
- Sabit uzunlukta kontrol alanı: 260207|| aca||aabn | a|a d
040 ## - KATALOGLAMA KAYNAĞI
- Özgün kataloglama kurumu: TR-BiSEU
- Çeviri kurumu: TR-BiSEU
150 ## - KONU BAŞLIKLARI - KONU TERİMİ
- Konu terimi: Ağaçlandırma teknikleri
670 ## - BİLGİNİN KAYNAĞI
- Bilginin alındığı kaynak: KOHA: (TR-BiSEU)27623: Karakurt, Hidayet. 54990, Ege Bölgesinde açık kömür işletmesi ve toprak döküm alanlarındaki ekolojik şartlar ile bu alanlara uygun ağaçlandırma tekniklerinin ve ağaç türlerinin belirlenmesi =
